000 01346pam a2200349 a 4500
001 3923952
003 OSt
005 20211007154257.0
008 920812s1993 nyua b 001 0 eng
010 _a 92030350
020 _a0471549398 (alk. paper)
040 _aDLC
_cHU
_dDLC
050 0 0 _aTJ265
_b.S39 1993
082 0 0 _a621.402/1/SHU
_220
100 1 _aSchmidt, Frank W.,
_d1929-
_911366
245 1 0 _aIntroduction to thermal sciences :
_bthermodynamics, fluid dynamics, heat transfer /
_cFrank W. Schmidt, Robert E. Henderson, Carl H. Wolgemuth.
250 _a2nd ed.
260 _aNew York :
_bWiley,
_cc1993.
300 _a476
_bill. ;
_c26 cm.
504 _aIncludes bibliographical references and index.
650 0 _aThermodynamics.
_97628
650 0 _aFluid dynamics.
_911367
650 0 _aHeat
_xTransmission.
_97629
700 1 _aHenderson, Robert E.
_911368
700 1 _aWolgemuth, Carl H.
_911369
740 0 _aThermal sciences.
856 4 2 _3Publisher description
_uhttp://www.loc.gov/catdir/description/wiley031/92030350.html
856 4 _3Table of Contents
_uhttp://www.loc.gov/catdir/toc/onix01/92030350.html
906 _a7
_bcbc
_corignew
_d1
_eocip
_f19
_gy-gencatlg
942 _2ddc
_cBOOKS
_n0
999 _c10510
_d10510